00324nam a22001217a 450000500170000000800410001704100130005808200120007110000130008326000560009630000240015265000260017620240705104452.0240705b |||||||| |||| 00| 0 eng d aEnglish  a349 PRE lEnglish  aDurban: bPrentice Hall Services (Pty) Ltd, c1936  b89 pages; c26 cm.  aLegal practice bLaw